000 00788nas a2200265 4500
001 BR0101741
003 BR-BrBNA
005 20231205102202.0
007 ta
008 230509b bl.|||p| |||| 00| 00por d
040 _aBR-BrBNA
_bpor
_cBiblioteca Nacional de Agricultura
041 _a(Pt)
072 _aF30
100 1 _aMarques, F.C.
100 1 _aLorencetti, B.L.
245 1 _aAvaliacao de tres cultivares de coentro (Coriandrum sativum L.)semeadas em duas epocas
650 _aCoentro
650 _aEpoca de Plantio
650 _aVariedade
650 _aGerminacao
650 _aSemeadura
773 0 _tPesquisa Agropecuaria Gaucha (Brazil)
_xISSN 0104-9070
_g(1999), v. 5(2) p. 265-270
_wBR0101741
909 _a202311
_bLúcia
_c55
_dLúcia Elande
942 _2AGRIS
_n0
_cANA
999 _c166186
_d166186